| 000 | 00393nam a22001457a 4500 | ||
|---|---|---|---|
| 082 |
_a348.54022 _bDHA |
||
| 100 | _aDhanda, Amita | ||
| 245 |
_aN.S. Bindra's interpretation of statutes / _cAmita Dhanda. |
||
| 250 | _a12th Edition. | ||
| 260 |
_aAllahabad : _bLaw Book Co., _c1997. |
||
| 300 |
_acxxxii,1215 p. _c24.5cm. |
||
| 563 | _aHB | ||
| 650 |
_aLaw _935302 |
||
| 942 |
_2ddc _cBK |
||
| 999 |
_c612957 _d612957 |
||